• 首页
  • 本馆介绍
  • 公告通知
  • 最新文献
  • 馆藏检索
  • 电子资源
  • 读者导购
  • 参考咨询
  • 我的图书馆
  • 登录
  • 详细信息显示
  • 放入我的书架
  • 预约/预借图书
  • 作者相关作品
  • 分类相关作品
  • 丛书相关作品
  • 出版社相关作品

书目信息

  • 表格格式
  • 工作单格式
  • 卡片格式
书名: Your nine-year-old
作者: by Louise Bates Ames and Carol Chase Haber ; illustrated with photographs by Betty David.
分册号:
分册名:
出版地: New York, N.Y. :
 
出版社: Delacorte Press
出版时间: c1990.
页数: 164 p. :
开本: 22 cm.
丛书名:
中图分类号:
科图分类号:
其他分类号: C207
主题词:
电子资源:
000 01219pam a2200325 a 450
001 E0763935625
005 20070517174931.42
008 890809s1990 nyua b 001 0 eng
010    @a89039154
020    @a0-385-30322-X :@c$17.95 ($22.95 Can.).
035    @A(DLC) 89039154
040    @aDLC@cDLC@dDLC
050 00 @aHQ772@b.A475 1990
082 00 @a305.23/4@2 20
090    @aC207
099    @dC207@ex207
100 1  @aAmes, Louise Bates.
245 10 @aYour nine-year-old :@bthoughtful and mysterious / @cby Louise Bates Ames and Carol Chase Haber ; illustrated with photographs by Betty David.
260    @aNew York, N.Y. :@bDelacorte Press,@cc1990.
260    @aNew York :@bNew York.
300    @a164 p. :@bill. ;@c22 cm.
504    @aIncludes bibliographical references (p. [151]-158) and index.
650  0 @aChild development.
650  0 @aChild rearing.
650  0 @aChild psychology.
700 1  @aHaber, Carol Chase.
740 0  @aNine-year-old.
906    @a7@bcbc@corignew@d1@eocip@f19@gy-gencatlg
955    @apc05 to bg00 08-09-89; bg16 to SCD 08-10-89; fh08 08-11-89; fn24 08-15-89; CIP ver. br00 to SL 07-20-90
991    @bc-GenColl@hHQ772@i.A475 1990@p00020008337@tCopy 1@wBOOKS
    
    Your nine-year-old : : thoughtful and mysterious / / by Louise Bates Ames and Carol Chase Haber ; illustrated with photographs by Betty David.-New York, N.Y. : : Delacorte Press, , c1990.-New York : : New York.
    164 p. : : ill. ; ; 22 cm.
    Includes bibliographical references (p. [151]-158) and index.
    
    ISBN 0-385-30322-X :$17.95 ($22.95 Can.).
    
●
相关链接 在E读中查询图书 在五车中查询图书 在当当中查询图书 在豆瓣中查询图书


正题名:Your nine-year-old     索取号:C207/x207         预约/预借

序号 登录号 条形码 馆藏地/架位号 状态 备注
1 10478   300104786   第二样本阅览室/ [索取号:C207/x207] 在馆    
唐山师范学院图书馆 欢迎您!
大连网信软件有限公司© 版权所有